Métodos y técnicas cualitativas de investigación en Ciencias Sociales.

Spremljeno u:
Bibliografski detalji
Glavni autor: Delgado, Juan Manuel (editor y coordinador)
Daljnji autori: Gutiérrez Fernández, Juan (editor y coordinador)
Format: Knjiga
Izdano: Madrid, España: Síntesis, 1994.
Serija:Metodología de las Ciencias del Comportamiento
Teme:
Oznake: Dodaj oznaku
Bez oznaka, Budi prvi tko označuje ovaj zapis!

MARC

LEADER 00000cam a2200000 a 4500
001 UCY4182
003 CL-VaPUC
005 20231006144334.0
008 230109t1994 ||||| |||| 00| 0 eng d
020 |a 84-7738-226-3 
040 |c Pontificia Universidad Católica de Valparaíso 
082 0 4 |a 300.72 DEL 1994  |2 21 
100 0 |a Delgado, Juan Manuel  |e editor y coordinador  |9 332595 
245 1 0 |a Métodos y técnicas cualitativas de investigación en Ciencias Sociales. 
260 |a Madrid, España:  |b Síntesis,  |c 1994. 
300 |a 669 páginas. 
490 0 |a Metodología de las Ciencias del Comportamiento 
583 |a last modification  |c 20180328 10:07:55  |k Rodrigo Vera 
650 0 |a Ciencias sociales   |9 256351 
650 0 |a Ciencias sociales  |v Investigación  |9 307767 
700 |a Gutiérrez Fernández, Juan  |e editor y coordinador  |9 332596 
942 |c BK  |2 ddc 
945 |d 19950302 00:00:00  |a rbrito 
999 |c 232120  |d 232118 
952 |0 0  |1 0  |2 ddc  |4 0  |6 300_720000000000000_DEL_1994  |7 0  |8 R  |9 236162  |a BIBGIM  |b BIBGIM  |c RES  |d 2019-11-15  |i 3493474  |o 300.72 DEL 1994  |p 3493474  |r 2025-01-15  |w 2019-11-15  |y BK_R  |k SSL 
952 |0 0  |1 0  |4 0  |6 300_720000000000000_DEL_1994  |7 0  |8 R  |9 236163  |a BIBEDU  |b BIBEDU  |c MCIRC  |d 2019-11-15  |i 3659054  |o 300.72 DEL 1994  |p 3659054  |r 2023-01-13  |w 2019-11-15  |y BK_R  |k PSI 
952 |0 0  |1 0  |2 ddc  |4 0  |6 300_720000000000000_DEL_1994  |7 0  |8 R  |9 236164  |a BIBGIM  |b BIBGIM  |c RES  |d 2019-11-15  |i 3838900  |o 300.72 DEL 1994  |p 3838900  |r 2025-01-15  |w 2019-11-15  |y BK_R  |k SSL 
952 |0 0  |1 0  |2 ddc  |4 0  |6 300_720000000000000_DEL_1994  |7 0  |8 R  |9 236165  |a BIBGIM  |b BIBGIM  |c RES  |d 2019-11-15  |i 401779K  |o 300.72 DEL 1994  |p 401779K  |r 2025-01-15  |w 2019-11-15  |y BK_R  |k SSL 
952 |0 0  |1 0  |4 0  |6 300_720000000000000_DEL_1994  |7 0  |8 R  |9 236166  |a BIBEDU  |b BIBEDU  |c MCIRC  |d 2019-11-15  |i 4023145  |o 300.72 DEL 1994  |p 4023145  |r 2023-01-13  |w 2019-11-15  |y BK_R  |k EDU 
952 |0 0  |1 0  |4 0  |6 300_720000000000000_DEL_1994  |7 0  |8 R  |9 236167  |a BIBEDU  |b BIBEDU  |c MCIRC  |d 2019-11-15  |i 4302729  |o 300.72 DEL 1994  |p 4302729  |r 2023-01-13  |w 2019-11-15  |y BK_R  |k EFI 
952 |0 0  |1 0  |2 ddc  |4 0  |6 300_720000000000000_DEL_1994  |7 0  |8 R  |9 236168  |a BIBGIM  |b BIBGIM  |c RES  |d 2019-11-15  |i 4549708  |o 300.72 DEL 1994  |p 4549708  |r 2025-01-15  |w 2019-11-15  |y BK_R  |k SSL 
952 |0 0  |1 0  |2 ddc  |4 0  |6 300_720000000000000_DEL_1994  |7 0  |8 R  |9 236169  |a BIBGIM  |b BIBGIM  |c RES  |d 2019-11-15  |i 4549716  |o 300.72 DEL 1994  |p 4549716  |r 2025-01-15  |w 2019-11-15  |y BK_R  |k SSL 
952 |0 0  |1 0  |2 ddc  |3 erb  |4 0  |6 300_720000000000000_DEL_1994  |7 0  |8 R  |9 236170  |a BIBGIM  |b BIBGIM  |c RES  |i 5133874  |o 300.72 DEL 1994  |p 5133874  |r 2025-01-15  |w 2019-11-15  |y BK_R  |z Catalogado en:20150109  |k SSL 
952 |0 0  |1 0  |3 erb  |4 0  |6 300_720000000000000_DEL_1994  |7 0  |8 A  |9 236171  |a FDOPOS  |b FDOPOS  |i 5162181  |o 300.72 DEL 1994  |p 5162181  |r 2025-01-22  |w 2019-11-15  |y BK  |z Catalogado en:20150605  |k MED 
952 |0 0  |1 0  |2 ddc  |3 erb  |4 0  |6 300_720000000000000_DEL_1994  |7 0  |8 R  |9 236172  |a BIBGIM  |b BIBGIM  |c RES  |i 5294657  |o 300.72 DEL 1994  |p 5294657  |r 2025-01-15  |w 2019-11-15  |y BK_R  |z Catalogado en:20160623  |k SSL 
952 |0 0  |1 0  |2 ddc  |4 0  |6 300_720000000000000_DEL_1994  |7 0  |8 R  |9 588552  |a BIBGIM  |b BIBGIM  |c RES  |d 2023-01-06  |e 3  |g 61031.00  |i 5656329  |l 1  |o 300.72 DEL 1994  |p 5656329  |r 2025-01-15  |s 2023-09-20  |t 12  |v 61031.00  |w 2023-01-06  |y BK_R  |k SSL